Adivina el DILF ficticio - Estadísticas

Estadísticas generales
  • Esta prueba ha sido intentada 26 veces
  • La puntuación promedio es 8 de 16
Estadísticas de respuestas
Imagen Respuesta % Correcto
Lobezno
100%
Mr. Increíble
90%
Severus Snape
86%
Nick Furia
71%
Hannibal Lecter
57%
Profesor Oak
52%
Stanley Pines
52%
Stanford Pines
48%
El profesor Layton
43%
Ganondorf
38%
El Profesor Utonio
33%
Robert Callaghan
33%
William Afton
33%
Cassim
29%
Jorgen von Strangle
24%
Professor Venomous
19%
No se encontraron pruebas coincidentes
Distribución de puntuación
Porcentaje de gente con cada puntuación
Porcentaje por número respondido
Historial de tus puntuaciones
No has intentado esta prueba.